Delhi : development and change/ (Record no. 68760)

MARC details
000 -LEADER
fixed length control field 00841nam a22002177a 4500
005 - DATE AND TIME OF LATEST TRANSACTION
control field 20120727113758.0
010 ## - LCCN (DPL NO)
LC control number B-477223
020 ## - INTERNATIONAL STANDARD BOOK NUMBER
International Standard Book Number 8176481750
Terms of availability 500.00
035 ## - SYSTEM CONTROL NUMBER
System control number B-477223
037 ## - SOURCE OF ACQUISITION
Stock number dpl
037 ## - SOURCE OF ACQUISITION
Stock number K.K.Pub/Ven
082 ## - DEWEY DECIMAL CLASSIFICATION NUMBER
Classification number 307.1216
100 ## - MAIN ENTRY--PERSONAL NAME
Personal name Mohan, I
245 ## - TITLE STATEMENT
Title Delhi : development and change/
Statement of responsibility, etc by Mohan, I
260 ## - PUBLICATION, DISTRIBUTION, ETC. (IMPRINT)
Place of publication, distribution, etc New delhi
Name of publisher, distributor, etc A.P.H. Publishing corporation
Date of publication, distribution, etc 2000
270 ## - ADDRESS
Address 5, Ansari road, darya ganj
City New delhi
Postal code 110002
300 ## - PHYSICAL DESCRIPTION
Extent 177 p.
Dimensions 22 cm.
942 ## - ADDED ENTRY ELEMENTS (KOHA)
Source of classification or shelving scheme Dewey Decimal Classification
Item type English Books
Call number suffix MOH
Classification part 307.1216
Holdings
Withdrawn status Lost status Not for loan Collection code Home library Current library Date acquired Source of acquisition Cost, normal purchase price Full call number Barcode Copy number Cost, replacement price Koha item type
      Non-fiction Central Library Central Library 09/08/2012 K.K.Pub/1907/30.3.2012/SP/45/30.03.2012/30.03.2012 500.00 307.1216 MOH B-477223 1 500.00 English Books

© Delhi Public Library
Hit Counter
free hit counter